000
00229nam a2200097Ia 4500
001
722558
005
20250826163314.0
008
250824s9999 xx 000 0 und d
245
0
_a
HANDAN
_c
AYŞE KULİN
260
_b
EVEREST YAYINLARI
999
_c
722558
_d
722558